La misión franciscana de Trípoli de Berbería en el siglo XIX, en la correspondencia oficial de los cónsules de España / (Record no. 175381)

MARC details
000 -LEADER
campo de control de longitud fija 00803nam a2200205 i 4500
001 - NÚMERO DE CONTROL
campo de control 175381
003 - IDENTIFICADOR DE NÚMERO DE CONTROL
campo de control ES-MaACL
005 - FECHA Y HORA DE LA ÚLTIMA TRANSACCIÓN
campo de control 20250809063537.0
008 - DATOS DE LONGITUD FIJA--INFORMACIÓN GENERAL
campo de control de longitud fija 101025s2000 it e |||| | spa d
080 ## - NÚMERO DE LA CLASIFICACIÓN DECIMAL UNIVERSAL
Número de la Clasificación Decimal Universal 271.3(612 Trípoli)"18"
100 1# - ENTRADA PRINCIPAL--NOMBRE DE PERSONA
Nombre de persona Vilar, Juan Bautista,
Fechas asociadas al nombre 1941-2018
9 (RLIN) 114797
245 13 - MENCIÓN DEL TÍTULO
Título La misión franciscana de Trípoli de Berbería en el siglo XIX, en la correspondencia oficial de los cónsules de España /
Mención de responsabilidad, etc. Juan B. Vilar.
260 ## - PUBLICACIÓN, DISTRIBUCIÓN, ETC.
Lugar de publicación, distribución, etc. [Grottaferrata (Roma) :
Nombre del editor, distribuidor, etc. Archivum Franciscanum Historicum,
Fecha de publicación, distribución, etc. 2000]
300 ## - DESCRIPCIÓN FÍSICA
Extensión P. [469]-501 :
Otras características físicas 1 plano ;
Dimensiones 21 x 30 cm.
595 ## -
-- Separata de: Archivum Franciscanum Historicum, año 93 (2000)
597 ## - NOTA DE DESCRIPCIÓN FÍSICA
NOTA DE DESCRIPCIÓN FÍSICA Ejemplar fotocopiado.
610 24 - PUNTO DE ACCESO ADICIONAL DE MATERIA--NOMBRE DE ENTIDAD CORPORATIVA
Nombre de entidad corporativa o nombre de jurisdicción como elemento de entrada Franciscanos.
9 (RLIN) 4174
852 ## - LOCALIZACIÓN
Ubicación ES-MaACL
Número de control de estantería 2281-F-22
Holdings
Estatus retirado Estado de pérdida Estado de daño No para préstamo Colección Biblioteca de origen Biblioteca actual Ubicación en estantería Fecha de adquisición Fuente de adquisición Total de préstamos Signatura topográfica completa Código de barras Visto por última vez Precio de reemplazo Tipo de ítem Koha
        Colección de folletos Biblioteca del Ateneo de Madrid Biblioteca del Ateneo de Madrid Depósito folletos 25/10/2010     2281-F-22 1184155 23/02/2023 23/02/2023 Folleto